Animals Close Up - Statistics

General Stats
  • This quiz has been taken 46 times
  • The average score is 7 of 8
Answer Stats
Picture Answer % Correct
Butterfly
94%
Tiger
91%
Duck
88%
Raccoon
88%
Dove
85%
Hedgehog
85%
Parrot
76%
Turtle
76%
No matching quizzes found
Score Distribution
Percent of People with Each Score
Percentile by Number Answered
Your Score History
You have not taken this quiz